| 000 | 00919nam a2200241 a 4500 | ||
|---|---|---|---|
| 001 | 47403 | ||
| 003 | BD-RjUL | ||
| 005 | 20211209054316.0 | ||
| 008 | 190420s1963 pk a |s f000 0 eng | ||
| 035 | _a(BD-RjUL)47522 | ||
| 040 |
_aBD-RjUL _cBD-RjUL _dBD-RjUL _beng |
||
| 041 | _aeng | ||
| 082 |
_223 _a304.6209549 _bAHS 1963 |
||
| 100 | 1 |
_aAhmed, Nazir _9230950 |
|
| 245 | 1 | 0 |
_aSimultaneous estimations of population growth : _bThe Pakistan experiment / _cby Nazir Ahmed and Karol J. Krotki |
| 260 |
_aKarachi: _bFeroasons Ltd., _c[1963 ?] |
||
| 300 |
_a37-65 p. : _bIll. ; _c25 cm. |
||
| 500 | _a"Cover Title" | ||
| 500 | _a" Reprint from : The Pakistan Development Review : Quarterly journal of the Institute of Development Economics, Karachi (Pakistan). Volume III-Spring 1963-Number 1 " | ||
| 650 |
_aPopulation Growth _xPakistan _9230952 |
||
| 700 |
_aKrotki, Karol J. , jt. auth. _9103032 |
||
| 942 |
_2ddc _cRAR |
||
| 999 |
_c47403 _d47403 |
||